Statistics for Guess the Taylor Swift song with synonyms

Click here to take the quiz!

General Stats

  • This quiz has been taken 500 times
  • The average score is 10 of 15

Answer Stats

SynonymsActual song title% Correct
Talk immediatelySpeak now
93%
Passing away due to numerous woundsDeath by a thousand cuts
83%
Crazy femaleMad woman
82%
Monarch of my vital organKing of my heart
80%
Negative goreBad blood
79%
That affectionThis love
79%
Fake deityFalse god
73%
Lengthy tale smallLong story short
69%
Female at your residenceGirl at home
61%
I'm aware of spotsI know places
57%
The lacrimal fluids of mine bounce backMy tears ricochet
53%
Gorgeous phantomsBeautiful ghosts
51%
Enter in company of the precipitationCome in with the rain
49%
Craziest musingsWildest dreams
48%
Beloved lectorDear reader
46%

Score Distribution

Percentile by Number Answered

Percent of People with Each Score

Your Score History

You have not taken this quiz